Inspirational thoughts for entrepreneurs / (Record no. 93804)

MARC details
000 -LEADER
fixed length control field 00681nam a22002177a 4500
005 - DATE AND TIME OF LATEST TRANSACTION
control field 20150805122100.0
010 ## - LCCN (DPL NO)
LC control number ENG-113137
020 ## - INTERNATIONAL STANDARD BOOK NUMBER
International Standard Book Number 9788179103425
Terms of availability 650.00
035 ## - SYSTEM CONTROL NUMBER
System control number EN-96669
037 ## - SOURCE OF ACQUISITION
Source of stock number/acquisition DBAD/PUB
082 ## - DEWEY DECIMAL CLASSIFICATION NUMBER
Classification number 338.04
245 ## - TITLE STATEMENT
Title Inspirational thoughts for entrepreneurs /
Statement of responsibility, etc compiled by Rajesh Kaushik, Upendra Kaushik [and] Shakshi Arora
250 ## - EDITION STATEMENT
Edition statement .
260 ## - PUBLICATION, DISTRIBUTION, ETC. (IMPRINT)
Place of publication, distribution, etc Jaipur
Name of publisher, distributor, etc Aavishkar Publishers, Distributors
Date of publication, distribution, etc 2011
270 ## - ADDRESS
Address 807, Vyas Building, Chaura Rasta,
City Jaipur
Postal code 302003
300 ## - PHYSICAL DESCRIPTION
Extent 194p.
Dimensions 22cm(Hb)
700 ## - ADDED ENTRY--PERSONAL NAME
Personal name Kaushik, Rajesh
700 ## - ADDED ENTRY--PERSONAL NAME
Personal name Kaushik, Upendra
700 ## - ADDED ENTRY--PERSONAL NAME
Personal name Arora, Shakshi
942 ## - ADDED ENTRY ELEMENTS (KOHA)
Source of classification or shelving scheme Dewey Decimal Classification
Item type English Books
Call number suffix INS
Classification part 338.04
Holdings
Withdrawn status Lost status Not for loan Collection code Home library Current library Date acquired Source of acquisition Cost, normal purchase price Full call number Barcode Copy number Cost, replacement price Koha item type
    Not For Loan Non-fiction D.B.Act.Division D.B.Act.Division 20/05/2015 DBAD/PUB 650.00 338.04 INS EN-96669 1 650.00 English Books

© Delhi Public Library
Hit Counter
free hit counter